Free and Fair Elections (Record no. 619)

MARC details
000 -LEADER
fixed length control field 00447nam a22001457a 4500
008 - FIXED-LENGTH DATA ELEMENTS--GENERAL INFORMATION
fixed length control field 230606b xxu||||| |||| 00| 0 eng d
020 ## - INTERNATIONAL STANDARD BOOK NUMBER
International Standard Book Number 929142000 x
082 ## - DEWEY DECIMAL CLASSIFICATION NUMBER
Classification number 342.07
100 ## - MAIN ENTRY--PERSONAL NAME
Titles and words associated with a name Guys S. GOODWIN-Gill
Dates associated with a name 1994
245 ## - TITLE STATEMENT
Title Free and Fair Elections
Remainder of title International Law and Practice
Statement of responsibility, etc. Inter-parliamentary Union
260 ## - PUBLICATION, DISTRIBUTION, ETC. (IMPRINT)
Place of publication, distribution, etc. Switzerland
Name of publisher, distributor, etc. Inter-parliamentary Union
Date of publication, distribution, etc. 1994
300 ## - PHYSICAL DESCRIPTION
Extent 123 p
710 ## - ADDED ENTRY--CORPORATE NAME
Subordinate unit Inter-parliamentary Union
942 ## - ADDED ENTRY ELEMENTS (KOHA)
Source of classification or shelving scheme Dewey Decimal Classification
Koha item type Books
Holdings
Withdrawn status Lost status Source of classification or shelving scheme Damaged status Not for loan Home library Current library Date acquired Total Checkouts Full call number Barcode Date last seen Price effective from Koha item type
    Dewey Decimal Classification     Bunge Tower Library Bunge Tower Library 06/06/2023   342.07 1000234 06/06/2023 06/06/2023 Books
LIBRARY OPENING HOURS

When the Parliament is sitting: 8.00a.m - 7.00p.m or until the house adjourns
Mondays and Fridays and when the House is on Recess:  8.00a.m - 5.00p.m
Closed on Weekends and Public Holidays

Online Public Access Catalog (OPAC)
Website: http://www.parliament.go.ke
Bunge Library: https://libraryir.parliament.go.ke
Contact: library@parliament.go.ke | Tel no: (254-2)2221291 or 2848000 Ext 5043